| 000 | 01461nam a2200397 c 4500 | ||
|---|---|---|---|
| 999 |
_c51113 _d51113 |
||
| 001 | 51113 | ||
| 003 | ES-MaCES | ||
| 005 | 20190227114532.0 | ||
| 007 | cr ||||||||||| | ||
| 008 | 190227s2011 sp o000 | spa d | ||
| 024 |
_a790-11-179-9 _2nipo |
||
| 024 |
_a790-11-176-2 _2nipo (CD-ROM) |
||
| 040 |
_aES-MaCES _bspa _cES-MaCES |
||
| 245 | 0 | 0 |
_aPlan estratégico ciudadanía e integración [PECI] 2011-2014 _b: resumen ejecutivo |
| 260 |
_aMadrid _bDirección General de Integración de los Inmigrantes _c[2011] |
||
| 300 |
_a94 p. _bgráf. col. _c25 cm _e1 CD-ROM ; 1 documento pdf (3,29 mb) |
||
| 500 | _aTít. tomado de la cub. | ||
| 541 | _cGratuito | ||
| 650 | 4 |
_ainmigración _928632 |
|
| 650 | 4 |
_ainmigrante _928631 |
|
| 650 | 4 |
_asociedad _927269 |
|
| 650 | 4 |
_aactitud _926696 |
|
| 650 | 4 |
_aintegración social _927283 |
|
| 650 | 4 |
_apolítica migratoria _929183 |
|
| 650 | 4 |
_arégimen jurídico _929894 |
|
| 650 | 4 |
_aEspaña _926964 |
|
| 650 | 4 |
_aplan de acción _930406 |
|
| 650 | 4 |
_a2011-2014 _936356 |
|
| 650 | 4 |
_aCD ROM _930331 |
|
| 653 | 1 | 0 | _aCiencias Sociales-Políticas |
| 710 | 1 |
_aEspaña _92809 _bDirección General de Integración de los Inmigrantes _eed. |
|
| 787 | 0 |
_tPlan estratégico ciudadanía e integración [PECI] 2007-2010, resumen ejecutivo _w(ES-MaCES)20300 |
|
| 856 | 4 |
_uhttp://biblioteca.ces.es/repintra/B51113.pdf _ytexto completo _z[intranet] |
|
| 902 | _aDOC Literatura gris | ||
| 942 |
_2CES _cBK _h7.0. |
||